000 00585nam a2200229Ia 4500
003 OSt
005 20221006145328.0
006 a|||||r|||| 00| 0
007 ta
008 221006b |||||||| |||| 00| 0 eng d
020 _c
_63.75
024 _a14,472
037 _cTextual
040 _aEASL
_cEASL
_beng
041 _2eng
_aeng
082 _aO41vN91, N2
245 0 _aReadings in Chinese literary thought
260 _aCambridge
_bHarvard University Press
_c1992
300 _a674p.
_ccm.
942 _hO41vN91, N2
_cTEXL
_2CC
999 _c1082558
_d1082558